Своя формула подготовки; Томский политехник; Вып. 8
| Parent link: | Томский политехник: ежегодный журнал/ Томский политехнический университет (ТПУ), Ассоциация выпускников.— , 1995- Вып. 8.— 2002.— [С. 12-15] |
|---|---|
| Main Author: | |
| Summary: | Заглавие с титульного листа Электронная версия печатной публикации |
| Language: | Russian English |
| Published: |
2002
|
| Series: | Ответ на вызов времени Инженерно-экономический факультет |
| Subjects: | |
| Online Access: | Цветная версия без потери качества |
| Format: | Electronic Book Chapter |
| KOHA link: | https://koha.lib.tpu.ru/cgi-bin/koha/opac-detail.pl?biblionumber=197889 |
MARC
| LEADER | 00000nla2a2200000 4500 | ||
|---|---|---|---|
| 001 | 197889 | ||
| 005 | 20231031183639.0 | ||
| 035 | |a (RuTPU)RU\TPU\book\215854 | ||
| 035 | |a RU\TPU\book\215845 | ||
| 090 | |a 197889 | ||
| 100 | |a 20110620d2002 km y0rusy50 ca | ||
| 101 | 0 | |a rus |a eng | |
| 102 | |a RU | ||
| 135 | |a drnn ---uucaa | ||
| 181 | 0 | |a i | |
| 182 | 0 | |a b | |
| 200 | 1 | |a Своя формула подготовки |d Special formula of training |b Электронный ресурс |f Н. И. Гвоздев | |
| 203 | |a Текст |c электронный | ||
| 215 | |a 1 файл (9.8 Мб) | ||
| 225 | 1 | |a Ответ на вызов времени | |
| 225 | 1 | |a Инженерно-экономический факультет | |
| 230 | |a Электронные текстовые данные (1 файл : 9.8 Мб) | ||
| 300 | |a Заглавие с титульного листа | ||
| 300 | |a Электронная версия печатной публикации | ||
| 337 | |a Adobe Reader | ||
| 461 | 1 | |0 (RuTPU)RU\TPU\book\202435 |t Томский политехник |o ежегодный журнал |f Томский политехнический университет (ТПУ), Ассоциация выпускников |d 1995- | |
| 463 | 1 | |0 (RuTPU)RU\TPU\book\215843 |t Вып. 8 |v [С. 12-15] |d 2002 |p 180 с. | |
| 510 | 1 | |a Special formula of training |z eng | |
| 601 | 0 | 2 | |a Томский политехнический университет (ТПУ) |c (1991-2009) |2 stltpush |3 (RuTPU)RU\TPU\col\376 |b Инженерно-экономический факультет (ИЭФ) |
| 610 | 1 | |a история | |
| 610 | 1 | |a факультеты | |
| 610 | 1 | |a кафедры | |
| 610 | 1 | |a специальности | |
| 610 | 1 | |a электронный ресурс | |
| 610 | 1 | |a труды учёных ТПУ | |
| 700 | 1 | |a Гвоздев |b Н. И. |c экономист |c доцент Томского политехнического университета, кандидат технических наук |c заместитель директора по учебной работе Института социально-гуманитарных технологий |f 1947- |g Николай Иванович |2 stltpush |3 (RuTPU)RU\TPU\pers\28428 | |
| 801 | 1 | |a RU |b 63413507 |c 20101101 | |
| 801 | 2 | |a RU |b 63413507 |c 20131003 |g RCR | |
| 856 | 4 | |u http://www.lib.tpu.ru/fulltext/v/Tomsk_polytechnic/2002/N8a2_full.pdf |z Цветная версия без потери качества | |
| 942 | |c CF | ||